Shoot From The Hip villains by pictures - Statistics

General Stats
  • This quiz has been taken 95 times
  • The average score is 9 of 24
Answer Stats
Picture Answer % Correct
Xavier
92%
Krampus
81%
Little Krampus
81%
Marty Jr
68%
Juliet
59%
Locomotion
59%
Nigel
54%
Lord and Lady Lafayette
53%
John Watson
50%
Jamie Oliver
46%
Witchfinder General
43%
Hans von Purple Beurer
39%
Franz Haberburg
34%
Annabelle
30%
Don Ciciccio
30%
Bluebell
28%
Phantom Begruvia
27%
Magnum O. Puss
23%
Terry
12%
The Lady of a 1000 Don Juans
11%
Mr Mcginnery
8%
Belly Boots
4%
Mildred Twilliger
4%
Cleatus A. Jackman
1%
No matching quizzes found
Score Distribution
Percent of People with Each Score
Percentile by Number Answered
Your Score History
You have not taken this quiz